Testovanie interkultúrnej kompetencie v slovensko-nemeckých a nemecko-slovenských obchodných rokovaniach
Kultúrne vplyvy pôsobiace na správanie Slovákov a Nemcov. Predpoklady vzniku problémov v interkultúrnom obchodnom rokovaní. Prieskum interkultúrnej kompetencie slovenských a nemeckých manažérov v obchodných rokovaniach. Zhrnutie výskedkov prieskumu.
Gespeichert in:
| 1. Verfasser: | |
|---|---|
| Format: | Buchkapitel |
| Sprache: | Slowakisch |
| Schlagworte: | |
| Tags: |
Keine Tags, Fügen Sie das erste Tag hinzu!
|
MARC
| LEADER | 00000nla a2200000 4500 | ||
|---|---|---|---|
| 001 | 0183612 | ||
| 005 | 20240502073137.3 | ||
| 041 | 0 | |a slo | |
| 044 | |a SK | ||
| 245 | 1 | 0 | |a Testovanie interkultúrnej kompetencie v slovensko-nemeckých a nemecko-slovenských obchodných rokovaniach |c Milena Helmová |
| 520 | |a Kultúrne vplyvy pôsobiace na správanie Slovákov a Nemcov. Predpoklady vzniku problémov v interkultúrnom obchodnom rokovaní. Prieskum interkultúrnej kompetencie slovenských a nemeckých manažérov v obchodných rokovaniach. Zhrnutie výskedkov prieskumu. | ||
| 610 | 2 | 0 | |a rokovania obchodné |
| 610 | 2 | 0 | |a komunikácia interkultúrna |
| 610 | 2 | 0 | |a manažéri |
| 610 | 2 | 0 | |a kompetencie |
| 610 | 2 | 0 | |a jazyky cudzie |
| 610 | 2 | 0 | |a Slovensko |
| 610 | 2 | 0 | |a Nemecko |
| 100 | 1 | |a Helmová, Milena, 1954- | |